Dirigir personas: fondo y formas (Registro nro. 6844)
[ vista simple ]
| 000 -Cabecera | |
|---|---|
| Campo de control de longitud fija | 01148atm a2200433 4500 |
| 005 - Fecha y hora de la última transacción | |
| Campo de control | 20241120140627.0 |
| 008 - Elementos de longitud fija--Información general | |
| Campo de control de longitud fija | 150728b xxu||||| |||| 00| 0 spa d |
| 041 ## - Idioma | |
| Código de idioma | |
| 082 ## - Clasificación Decimal Dewey | |
| Número de clasificación | 658.3 UR74d4 |
| 100 ## - Entrada principal--Autor personal | |
| Nombre personal | Urcola Tellería, Juan Luis |
| 9 (RLIN) | 39460 |
| 245 ## - Título propiamente dicho | |
| Título | Dirigir personas: fondo y formas |
| 250 ## - Edición | |
| Mención de edición | 4 edición. |
| 260 ## - Pie de imprenta | |
| Lugar de publicación, distribución, etc. | España |
| Nombre del editor, distribuidor, etc. | ESIC |
| Fecha de publicación, distribución, etc. | 2003 |
| 300 ## - Descripción física | |
| Extensión | 445 páginas |
| 650 ## - Materia general | |
| Temática (materia general) | RECURSOS HUMANOS |
| 650 ## - Materia general | |
| Temática (materia general) | DIRECCIÓN DE PERSONAL |
| 650 ## - Materia general | |
| Temática (materia general) | TOMA DE DECISIONES |
| 650 ## - Materia general | |
| Temática (materia general) | HABILIDADES DIRECTIVAS |
| 650 ## - Materia general | |
| Temática (materia general) | CONTROL |
| 650 ## - Materia general | |
| Temática (materia general) | SUPERVISIÓN |
| 650 ## - Materia general | |
| Temática (materia general) | LÍDERES |
| 650 ## - Materia general | |
| Temática (materia general) | TIEMPO |
| 650 ## - Materia general | |
| Temática (materia general) | LIDERAZGO |
| 650 ## - Materia general | |
| Temática (materia general) | TRABAJO EN EQUIPO |
| 650 ## - Materia general | |
| Temática (materia general) | INTELIGENCIA EMOCIONAL |
| 650 ## - Materia general | |
| Temática (materia general) | REUNIONES |
| 650 ## - Materia general | |
| Temática (materia general) | GESTIÓN DEL CAMBIO |
| 650 ## - Materia general | |
| Temática (materia general) | MOTIVACIÓN |
| 650 ## - Materia general | |
| Temática (materia general) | COMUNICACIÓN |
| 650 ## - Materia general | |
| Temática (materia general) | EVALUACIÓN DEL DESEMPEÑO |
| 650 ## - Materia general | |
| Temática (materia general) | EVALUACIÓN DEL PERSONAL |
| 650 ## - Materia general | |
| Temática (materia general) | MANEJO DE CONFLICTOS |
| 650 ## - Materia general | |
| Temática (materia general) | NEGOCIACIÓN |
| 650 ## - Materia general | |
| Temática (materia general) | POTENCIAL HUMANO |
| 650 ## - Materia general | |
| Temática (materia general) | FRACASO DIRECTIVO |
| 650 ## - Materia general | |
| Temática (materia general) | CAMBIO EMPRESARIAL |
| 942 ## - Punto de acceso adicional KOHA | |
| Tipo de ítem KOHA | Libro |
| Fuente del sistema de clasificación o colocación | Dewey Decimal Classification |
| Signatura completa | Código de barras | Programa Académico | Tipo de ítem |
|---|---|---|---|
| 658.3 UR74d4 | 11958 | Libro |